000 00501nam a2200181Ia 4500
008 090124s9999 xx 000 0 und d
082 _b118217
100 _aमेहता शशिकला
245 _a सांगुकुणा
250 _a1
260 _c1979
300 _a184
600 _aमेहता शशिकला
630 _a सांगुकुणा
700 _aमेहता शशिकला
730 _a सांगुकुणा
942 _cBOOK
999 _c164304
_d164304